Pravo Evropejskovo sojuza učebnik dlja akademičeskovo bakalavrijata

Salvato in:
Dettagli Bibliografici
Autore principale: Kaškin, Sergej Jur"evič
Ente Autore: Moskovskij gosudarstvennyj juridičeskij universitet imeni O. E. Kutafina
Altri autori: Kaliničenko, Paul Aleksejevič, Četverikov, Artem Olegovič
Natura: Libro
Lingua:russo
Pubblicazione: Moskva Izdateľstvo Jurajt 2015
Edizione:4e izd., pererabot. i dopoln.
Serie:Bakalavr. akademičeskij kurs
Soggetti:
Tags: Aggiungi Tag
Nessun Tag, puoi essere il primo ad aggiungerne!!

MARC

LEADER 00000nam a2200000 4500
001 0216242
005 20240226134251.9
020 |a 978-5-9916-5008-3 
041 0 |a rus 
044 |a RU 
245 1 0 |a Pravo Evropejskovo sojuza  |b učebnik dlja akademičeskovo bakalavrijata  |c S. Ju. Kaškin, P. A. Kaliničenko, A. O. Četvernikov ; pod redakcijej: S. Ju. Kaškina 
250 |a 4e izd., pererabot. i dopoln. 
264 1 |a Moskva  |b Izdateľstvo Jurajt  |c 2015 
300 |a 385 s. 
490 1 |a Bakalavr. akademičeskij kurs 
830 0 |a Bakalavr. akademičeskij kurs 
610 2 0 |a integrácia ekonomická medzinárodná 
610 2 0 |a vývoj 
610 2 0 |a dohody medzinárodné 
610 2 0 |a právo medzinárodné 
610 2 0 |a kompetencie 
610 2 0 |a predpisy právne 
610 2 0 |a štruktúra organizačná 
610 2 0 |a trh vnútorný 
610 2 0 |a únie hospodárske 
610 2 0 |a únie menové 
610 2 0 |a koordinácia 
610 2 0 |a vzťahy medzinárodné 
610 2 0 |a Európska únia 
610 2 0 |a Rusko 
100 1 |a Kaškin, Sergej Jur"evič 
700 1 |a Kaliničenko, Paul Aleksejevič 
700 1 |a Četverikov, Artem Olegovič 
710 2 |a Moskovskij gosudarstvennyj juridičeskij universitet imeni O. E. Kutafina